|
|
|
|
| LEADER |
00000nam a2200000 i 4500 |
| 001 |
DIGEDUSTA029 |
| 003 |
NyNyDIG |
| 006 |
m o d |
| 008 |
210118s2017 ck a ob 000 0 spa d |
| 007 |
cr ||||||||||| |
| 035 |
|
|
|a (OCoLC)1083467366
|
| 040 |
|
|
|a DGITA
|b eng
|e rda
|e pn
|c DGITA
|
| 020 |
|
|
|a 9789587820423
|q eBook
|
| 020 |
|
|
|a 9587820428
|q eBook
|
| 020 |
|
|
|z 9789587820416
|
| 020 |
|
|
|z 958782041X
|
| 050 |
1 |
4 |
|a BR115.C45 ebook
|
| 245 |
0 |
0 |
|a Biblia y ciudad :
|b pedagogías del buen vivir en contextos urbanos /
|c Maricel Mena López (compiladora)
|
| 250 |
|
|
|a Primera edición.
|
| 264 |
|
1 |
|a Bogotá, D.C., Colombia :
|b Ediciones USTA,
|c 2017.
|
| 300 |
|
|
|a 1 online resource :
|b illustrations.
|
| 336 |
|
|
|a text
|b txt
|2 rdacontent
|
| 337 |
|
|
|a computer
|b c
|2 rdamedia
|
| 338 |
|
|
|a online resource
|b cr
|2 rdacarrier
|
| 347 |
|
|
|a text file
|2 rdaft
|
| 347 |
|
|
|b PDF
|
| 504 |
|
|
|a Includes bibliographical references.
|
| 505 |
0 |
|
|a El desafío de la complejidad urbana : los imaginarios y la evangelización urbana / Jaime Alberto Mancera Casas, Pbro. -- Aporte intelectual de los indios a la sociedad y a las Iglesias / Eleazar López Hernández -- La ciudad en el Antiguo Testamento : sombras y luces / Hervé Tremblay, O.P. -- Sabiduría ancestral egipcia e israelita : desafíos éticos para el buen vivir urbano / Maricel Mena López -- Construir ciudad en el buen vivir : perspectiva pedagógica e el Evangelio de Juan / Fernando Torres Millán -- Pablo y la ciudad : un proyecto de buen vivir urbano / Mery Betty Rodríguez Moreno -- Sujetos sufrientes y la pastoral urbana / Alberto Camargo Cortés, Pbro.
|
| 588 |
0 |
|
|a Online resource; title from PDF title page (Digitalia, viewed January 20, 2021)
|
| 650 |
|
0 |
|a Cities and towns
|x Religious aspects.
|
| 650 |
|
0 |
|a City churches.
|
| 650 |
|
0 |
|a Sociology, Biblical.
|
| 655 |
|
0 |
|a Electronic books.
|
| 700 |
1 |
|
|a Mena López, Maricel,
|e editor.
|
| 791 |
2 |
|
|a Digitalia (Firm),
|e distributor.
|
| 793 |
0 |
|
|g Digitalia eBook Collection:
|a Ediciones USTA
|
| 776 |
0 |
8 |
|i Print version:
|t Biblia y ciudad.
|b Primera edición.
|d Bogotá, D.C., Colombia : Ediciones USTA, 2017
|z 9789587820416
|w (OCoLC)1090803544
|
| 856 |
4 |
0 |
|3 Digitalia Hispánica
|u https://www.digitaliapublishing.com/a/59140/
|
| 910 |
|
|
|a Premium collection: 2021
|